|
|
|
|
| LEADER |
00000cas a2200000 a 4500 |
| 001 |
vtls001473622 |
| 003 |
SK-MaSNL |
| 005 |
20260228160738.0 |
| 008 |
040422d19551967xo sr 0 0 0slo |
| 035 |
|
|
|a SNK000428924
|
| 040 |
|
|
|a SNK
|b slo
|c SNK
|e AACR2
|
| 041 |
0 |
|
|a slo
|
| 044 |
|
|
|a xo
|c SK
|
| 072 |
|
7 |
|a 63
|x Poľnohospodárstvo a príbuzné oblasti vedy a techniky
|2 konspekt
|
| 072 |
|
7 |
|a 630
|x Lesníctvo
|2 konspekt
|
| 080 |
|
|
|a 63
|2 2011
|
| 080 |
|
|
|a 630
|2 2011
|
| 080 |
|
|
|a 050
|2 2011
|
| 245 |
0 |
0 |
|a Vestník Ministerstva, poľnohospodárstva, lesného a vodného hospodárstva
|
| 260 |
|
|
|a Bratislava
|b Pôdohospodárske vydavateľstvo
|a Praha
|b Ministerstvo poľnohospodárstva, lesného a vodného hospodárstva
|c 1955-1967
|
| 300 |
|
|
|a zv.
|c cm
|
| 310 |
|
|
|a 2x mesačne
|
| 362 |
0 |
|
|a 1955-1967
|
| 650 |
0 |
7 |
|a poľnohospodárstvo
|2 SNKPH
|9 679
|
| 650 |
0 |
7 |
|a lesníctvo
|2 SNKPH
|9 1255
|
| 655 |
|
7 |
|a vestníky
|2 SNKPH
|9 70701
|
| 780 |
0 |
0 |
|t Vestník Ministerstva pôdohospodárstva
|
| 785 |
0 |
0 |
|t Vestník Ministerstva poľnohospodárstva a výživy
|
| 910 |
|
|
|a snk
|
| 999 |
|
|
|c 3519
|d 5449
|
| 952 |
|
|
|0 0
|1 0
|4 0
|7 0
|a SNK
|b SNK
|d 2004-04-22
|i snkČSP 578/64
|l 0
|o snkČSB 1132/10/1963
|p 17A0425856
|r 2005-01-02 00:00:00
|t č. 1-52
|w 2026-02-21
|y PREZ
|
| 952 |
|
|
|0 0
|1 0
|4 0
|7 0
|a SNK
|b SNK
|d 2006-10-09
|i snkČSP 884/67
|l 0
|o snkČSB 1132/9/1962
|p 17A0523406
|r 2026-02-21 20:18:39
|t č. 1-52
|w 2026-02-21
|y PREZ
|
| 952 |
|
|
|0 0
|1 0
|4 0
|7 0
|a SNK
|b SNK
|d 2010-05-10
|i snkČSP 795/57
|l 0
|o snkČSB 1132/2/1955
|p 17A0656350
|r 2026-02-21 20:49:50
|t č. 1-52, neúplné
|w 2026-02-21
|y PREZ
|z Chýba č. 44
|